Henri Cartier- Bresson. El disparo fotográfico.

Kaydedildi:
Detaylı Bibliyografya
Yazar: Chéroux, Clément (autor)
Materyal Türü: Kitap
Baskı/Yayın Bilgisi: Barcelona, España: Blume, 2012.
Edisyon:Primera edición en lengua española.
Seri Bilgileri:Descubrir el arte. Biblioteca Ilustrada ;
Konular:
Etiketler: Etiketle
Etiket eklenmemiş, İlk siz ekleyin!

MARC

LEADER 00000nam a22000007a 4500
003 CL-VaPUC
005 20250407202458.0
008 250320t2012 ||||| |||| 00| 0 spa d
999 |c 447526  |d 447524 
020 |a 978-84-8076-995-2 
040 |c Pontificia Universidad Católica de Valparaíso 
082 7 |2 22  |a 778.9 CHE 2012 
100 |a Chéroux, Clément   |9 895450  |e autor 
245 0 0 |a Henri Cartier- Bresson.   |b El disparo fotográfico.  
250 |a Primera edición en lengua española. 
260 |a Barcelona, España:  |b Blume,   |c 2012. 
300 |a 159 páginas :  |b ilustraciones.  
490 |a Descubrir el arte.  |a Biblioteca Ilustrada ;  |n 16 
500 |a c.1. Instituto Arcos 8-1-2025. 
583 |c 20250320  |k GC 
600 |a Cartier-Bresson, Henri   |d  1908-2004  |9 862290 
650 0 |a Fotografía periodística  |9 333344 
942 |2 ddc  |c BK  |n 0 
952 |0 0  |1 0  |2 ddc  |4 0  |6 778_900000000000000_CHE_2012  |7 0  |8 A  |9 601669  |a BIBINC  |b BIBINC  |d 2025-03-20  |e Instituto Arcos   |i 5666594  |o 778.9 CHE 2012  |p 5666594  |r 2025-03-20  |t 1  |w 2025-03-20  |y BK  |k IFP